Statistics for Every Pokemon Move M-Z

Click here to take the quiz!

General Stats

  • This quiz has been taken 3 times
  • The average score is 98 of 453

Answer Stats

TypeMoveCategory% Correct
FightingMach PunchPhysical
100%
PsychicMagic RoomStatus
100%
GrassMagical LeafSpecial
50%
FireMagma StormSpecial
50%
SteelMagnet BombPhysical
50%
ElectricMagnetic FluxStatus
50%
ElectricMagnet RiseStatus
50%
GroundMagnitudePhysical
50%
DarkMalicious MoonsaultPhysical
50%
FlyingMax Airstream-
50%
DarkMax Darkness-
50%
FireMax Flare-
50%
BugMax Flutterby-
50%
WaterMax Geyser-
50%
NormalMax Guard-
50%
IceMax Hailstorm-
50%
FightingMax Knuckle-
50%
ElectricMax Lightning-
50%
PsychicMax Mindstorm-
50%
PoisonMax Ooze-
50%
GrassMax Overgrowth-
50%
GhostMax Phantasm-
50%
GroundMax Quake-
50%
RockMax Rockfall-
50%
FairyMax Starfall-
50%
SteelMax Steelspike-
50%
NormalMax Strike-
50%
DragonMax Wyrmwind-
50%
BugMegahornPhysical
50%
NormalMega KickPhysical
50%
NormalMega PunchPhysical
50%
SteelMetal ClawPhysical
50%
SteelMetal SoundStatus
50%
NormalMetronomeStatus
50%
NormalMimicStatus
50%
NormalMind ReaderStatus
50%
NormalMinimizeStatus
50%
FlyingMirror MoveStatus
50%
SteelMirror ShotSpecial
50%
FairyMoonblastSpecial
50%
FairyMoonlightStatus
50%
NormalNatural GiftPhysical
50%
NormalNature PowerStatus
50%
GhostNightmareStatus
50%
GhostNight ShadeSpecial
50%
NormalNoble RoarStatus
50%
ElectricNuzzlePhysical
50%
WaterOceanic OperettaSpecial
50%
WaterOctazookaSpecial
50%
NormalOdor SleuthStatus
50%
WaterOrigin PulseSpecial
50%
DragonOutragePhysical
50%
ElectricParabolic ChargeStatus
50%
DarkPaybackPhysical
50%
NormalPay DayPhysical
50%
FlyingPeckPhysical
50%
FlyingPluckPhysical
50%
PoisonPoison FangPhysical
50%
PoisonPoison JabPhysical
50%
PoisonPoison PowderStatus
50%
PoisonPoison StingPhysical
50%
PoisonPoison TailPhysical
50%
NormalPoundPhysical
50%
BugPowderStatus
50%
RockPower GemSpecial
50%
PsychicPower SwapStatus
50%
FightingPower-Up PunchPhysical
50%
GrassPower WhipPhysical
50%
NormalProtectStatus
50%
PsychicPsybeamSpecial
50%
PsychicPsychicSpecial
50%
PsychicPsychic FangsPhysical
50%
PsychicPsychic TerrainStatus
50%
PsychicPsycho BoostStatus
50%
PsychicPsycho CutPhysical
50%
PsychicPsyshockSpecial
50%
PsychicPsystrikeSpecial
50%
PsychicPsywaveSpecial
50%
DarkPursuitPhysical
50%
FirePyro BallPhysical
50%
NormalQuick AttackPhysical
50%
FightingQuick GuardStatus
50%
BugQuiver DanceStatus
50%
NormalRagePhysical
50%
GhostRage FistPhysical
50%
BugRage PowderStatus
50%
NormalRapid SpinPhysical
50%
PsychicRestStatus
50%
NormalRoarStatus
50%
RockRock BlastPhysical
50%
NormalRock ClimbPhysical
50%
RockRock PolishStatus
50%
FightingRock SmashPhysical
50%
RockRock ThrowPhysical
50%
RockRock TombPhysical
50%
RockRock WreckerPhysical
50%
FightingRolling KickPhysical
50%
RockRolloutPhysical
50%
NormalRoundSpecial
50%
NormalSafeguardStatus
50%
GroundSand AttackStatus
50%
RockSandstormStatus
50%
GroundSand TombPhysical
50%
GrassSappy SeedPhysical
50%
WaterScaldSpecial
50%
GroundScorching SandsSpecial
50%
NormalScratchPhysical
50%
FireSearing ShotSpecial
50%
NormalSecret PowerPhysical
50%
GhostShadow BallSpecial
50%
GhostShadow BonePhysical
50%
GhostShadow ClawPhysical
50%
GhostShadow ForcePhysical
50%
GhostShadow PunchPhysical
50%
GhostShadow SneakPhysical
50%
NormalSharpenStatus
50%
IceSheer ColdSpecial
50%
NormalShell SmashStatus
50%
FireShell TrapSpecial
50%
ElectricShock WaveSpecial
50%
NormalSingStatus
50%
FireSizzly SlidePhysical
50%
NormalSkill SwapStatus
50%
NormalSkull BashPhysical
50%
NormalSlamPhysical
50%
NormalSlashPhysical
50%
GrassSleep PowderStatus
50%
NormalSleep TalkStatus
50%
PoisonSludgeSpecial
50%
PoisonSludge BombSpecial
50%
PoisonSludge WaveSpecial
50%
NormalSmelling SaltsStatus
50%
NormalSnoreSpecial
50%
WaterSoakStatus
50%
ElectricSparkPhysical
50%
WaterSparkling AriaSpecial
50%
GhostSpirit ShacklePhysical
50%
WaterSplishy SplashSpecial
50%
GrassSporeStatus
50%
RockStealth RockStatus
50%
SteelSteel BeamSpecial
50%
SteelSteel WingPhysical
50%
NormalStompPhysical
50%
RockStone EdgePhysical
50%
BugString ShotStatus
50%
GrassStun SporeStatus
50%
NormalSwords DanceStatus
50%
GrassSynthesisStatus
50%
NormalTacklePhysical
50%
BugTail GlowStatus
50%
NormalTail SlapPhysical
50%
NormalTail WhipStatus
50%
NormalTake DownPhysical
50%
NormalTeeter DanceStatus
50%
PsychicTelekinesisStatus
50%
PsychicTeleportStatus
50%
ElectricThunderSpecial
50%
ElectricThunderboltSpecial
50%
ElectricThunder CageSpecial
50%
ElectricThunder FangPhysical
50%
FightingThunderous KickPhysical
50%
ElectricThunder PunchPhysical
50%
ElectricThunder ShockSpecial
50%
ElectricThunder WaveStatus
50%
NormalTickleStatus
50%
NormalTri AttackSpecial
50%
FightingTriple KickPhysical
50%
PsychicTwin BeamSpecial
50%
DragonTwisterSpecial
50%
NormalUproarSpecial
50%
FightingVacuum WaveSpecal
50%
NormalVeevee VolleyPhysical
50%
GrassVine WhipPhysical
50%
NormalVise GripPhysical
50%
ElectricVolt SwitchSpecial
50%
ElectricVolt TacklePhysical
50%
WaterWaterfallPhysical
50%
WaterWater GunSpecial
50%
WaterWater PledgeSpecial
50%
WaterWater PulseSpecial
50%
WaterWater SportStatus
50%
WaterWater SpoutSpecial
50%
WaterWhirlpoolSpecial
50%
RockWide GuardStatus
50%
ElectricWild ChargePhysical
50%
FlyingWing AttackPhysical
50%
WaterWithdrawStatus
50%
NormalWork UpStatus
50%
GrassWorry SeedStatus
50%
NormalYawnStatus
50%
ElectricZap CannonSpecial
50%
PsychicZen HeadbuttPhysical
50%
ElectricZippy ZapPhysical
50%
FairyMagical TorquePhysical
0%
PsychicMagic CoatStatus
0%
PsychicMagic PowderStatus
0%
SteelMake It RainSpecial
0%
FightingMat BlockStatus
0%
NormalMean LookStatus
0%
PsychicMeditateStatus
0%
NormalMe FirtStatus
0%
GrassMega DrainSpecial
0%
DarkMementoStatus
0%
GhostMenacing Moonraze MaelstromSpecial
0%
SteelMetal BurstPhysical
0%
FightingMeteor AssaultPhysical
0%
RockMeteor BeamSpecial
0%
SteelMeteor MashPhysical
0%
NormalMilk DrinkStatus
0%
FireMind BlownSpecial
0%
PsychicMiracle EyeStatus
0%
PsychicMirror CoatSpecial
0%
IceMistStatus
0%
PsychicMist BallSpecial
0%
FairyMisty ExplosionSpecial
0%
FairyMisty TerrainStatus
0%
GhostMoongeist BeamSpecial
0%
NormalMorning SunStatus
0%
PoisonMortal SpinPhysical
0%
IceMountain GalePhysical
0%
GroundMud BombSpecial
0%
WaterMuddy WaterSpecial
0%
GroundMud ShotSpecial
0%
GroundMud SlapSpecial
0%
GroundMud SportStatus
0%
NormalMulti-AttackPhysical
0%
FireMystical FireSpecial
0%
PsychicMystical PowerSpecial
0%
DarkNasty PlotStatus
0%
FairyNature's MadnessSpecial
0%
GrassNeedle ArmPhysical
0%
GhostNever-Ending Nightmare-
0%
DarkNight DazeSpecial
0%
DarkNight SlashPhysical
0%
FightingNo RetreatStatus
0%
PoisonNoxious TorquePhysical
0%
FlyingOblivion WingSpecial
0%
DarkObstructStatus
0%
FightingOctolockStatus
0%
GhostOminous WindSpecial
0%
DragonOrder UpPhysical
0%
ElectricOverdriveSpecial
0%
FireOverheatSpecial
0%
NormalPain SplitStatus
0%
DarkParting ShotStatus
0%
NormalPerish SongStatus
0%
GrassPetal BlizzardPhysical
0%
GrassPetal DanceSpecial
0%
GhostPhantom ForcePhysical
0%
PsychicPhoton GeyserSpecial
0%
ElectricPikapapowSpecial
0%
BugPin MissilePhysical
0%
ElectricPlasma FistsPhysical
0%
NormalPlay NiceStatus
0%
FairyPlay RoughPhysical
0%
PoisonPoison GasStatus
0%
BugPollen PuffSpecial
0%
GhostPoltergeistPhysical
0%
NormalPopulation BombPhysical
0%
BugPouncePhysical
0%
IcePowder SnowSpecial
0%
NormalPower ShiftStatus
0%
PsychicPower SplitStatus
0%
PsychicPower TrickStatus
0%
DarkPower TripPhysical
0%
GroundPrecipice BladesPhysical
0%
NormalPresentPhysical
0%
PsychicPrismatic LaserSpecial
0%
PsychicPsybladePhysical
0%
PsychicPsycho ShiftStatus
0%
PsychicPsyshield BashPhysical
0%
NormalPulverizing PancakePhysical
0%
DarkPunishmentPhysical
0%
PoisonPurifyStatus
0%
DarkQuashStatus
0%
NormalRaging BullPhysical
0%
FireRaging FuryPhysical
0%
WaterRain DanceStatus
0%
GrassRazor LeafPhysical
0%
WaterRazor ShellPhysical
0%
NormalRazor WindSpecial
0%
NormalRecoverStatus
0%
NormalRecycleStatus
0%
PsychicReflectStatus
0%
NormalReflect TypeStatus
0%
NormalRefreshStatus
0%
NormalRelic SongSpecial
0%
NormalRetaliatePhysical
0%
NormalReturnPhysical
0%
NormalRevelation DanceSpecial
0%
FightingRevengePhysical
0%
FightingReversalPhysical
0%
NormalRevival BlessingStatus
0%
ElectricRising VoltageStatus
0%
DragonRoar of TimeSpecial
0%
RockRock SlidePhysical
0%
PsychicRole PlayStatus
0%
FlyingRoostStatus
0%
GrassRototillerStatus
0%
DarkRuiniationStatus
0%
FireSacred FirePhysical
0%
FightingSacred SwordPhysical
0%
RockSalt CurePhysical
0%
GroundSandsear StormSpecial
0%
BugSavage Spin-Out-
0%
DragonScale ShotPhysical
0%
NormalScary FaceStatus
0%
NormalScreechStatus
0%
SteelSearing Sunraze SmashPhysical
0%
FightingSecret SwordSpecial
0%
GrassSeed BombPhysical
0%
GrassSeed FlareSpecial
0%
FightingSeismic TossPhysical
0%
NormalSelf-DestructPhysical
0%
PsychicShattered Psyche-
0%
NormalShed TailStatus
0%
PoisonShell Side ArmSpecial
0%
SteelShelterStatus
0%
SteelShift GearStatus
0%
GroundShore UpStatus
0%
BugSignal BeamSpecial
0%
BugSilk TrapStatus
0%
BugSilver WindSpecial
0%
NormalSimple BeamStatus
0%
GhostSinister Arrow RaidPhysical
0%
NormalSketchStatus
0%
BugSkitter SmackPhysical
0%
FlyingSky AttackPhysical
0%
FlyingSky DropPhysical
0%
FightingSky UppercutPhysical
0%
NormalSlack OffStatus
0%
RockSmack DownPhysical
0%
SteelSmart StrikePhysical
0%
PoisonSmogSpecial
0%
NormalSmokescreenStatus
0%
GrassSnap TrapPhysical
0%
DarkSnarlSpecial
0%
DarkSnatchStatus
0%
WaterSnipe ShotSpecial
0%
IceSnowscapeStatus
0%
NormalSoft-BoiledStatus
0%
GrassSolar BeamSpecial
0%
GrassSolar BladePhysical
0%
NormalSonic BoomSpecial
0%
GhostSoul Stealing 7-Star StrikePhysical
0%
DragonSpacial RendSpecial
0%
FairySparkly SwirlSpecial
0%
GhostSpectral ThiefPhysical
0%
PsychicSpeed SwapStatus
0%
GrassSpicy ExtractStatus
0%
BugSpider WebStatus
0%
NormalSpike CannonPhysical
0%
GroundSpikesStatus
0%
GrassSpiky ShieldStatus
0%
SteelSpin OutPhysical
0%
FairySpirit BreakPhysical
0%
GhostSpiteStatus
0%
NormalSpit UpSpecial
0%
NormalSplashStatus
0%
RockSplintered StormshardsPhysical
0%
NormalSpotlightStatus
0%
FairySpringtide StormSpecial
0%
WaterSteam EruptionSpecial
0%
BugSteamrollerPhysical
0%
SteelSteel RollerPhysical
0%
BugSticky WebStatus
0%
NormalStockpileStatus
0%
ElectricStoked SparksurferSpecial
0%
GroundStomping TantrumPhysical
0%
RockStone AxePhysical
0%
PsychicStored PowerSpecial
0%
FightingStorm ThrowPhysical
0%
FairyStrange SteamSpecial
0%
NormalStrengthPhysical
0%
GrassStrength SapStatus
0%
NormalStrugglePhysical
0%
BugStruggle BugSpecial
0%
NormalStuff CheeksStatus
0%
FightingSubmissionPhysical
0%
NormalSubstituteStatus
0%
IceSubzero Slammer-
0%
DarkSucker PunchPhysical
0%
FireSunny DayStatus
0%
SteelSunsteel StrikePhysical
0%
NormalSuper FangPhysical
0%
FightingSuperpowerPhysical
0%
NormalSupersonicStatus
0%
FlyingSupersonic Skystrike-
0%
WaterSurfSpecial
0%
WaterSurging StrikesPhysical
0%
NormalSwaggerStatus
0%
NormalSwallowStatus
0%
FairySweet KissStatus
0%
NormalSweet ScentStatus
0%
NormalSwiftSpecial
0%
DarkSwitcherooStatus
0%
NormalSynchornoiseStatus
0%
NormalTailwindStatus
0%
NormalTake HeartStatus
0%
RockTar ShotStatus
0%
DarkTauntStatus
0%
NormalTearful LookStatus
0%
NormalTeatimeStatus
0%
NormalTechno BlastSpecial
0%
GroundTectonic Rage-
0%
NormalTerablastSpecial
0%
NormalTerrain PulseSpecial
0%
DarkThiefPhysical
0%
GroundThousand ArrowsPhysical
0%
GroundThousand WavesPhysical
0%
NormalThrashPhysical
0%
DarkThroat ChopPhysical
0%
NormalTidy UpStatus
0%
NormalTopsy-TurvyStatus
0%
FireTorch SongSpecial
0%
DarkTormentStatus
0%
PoisonToxicStatus
0%
PoisonToxic SpikesStatus
0%
PoisonToxic ThreadStatus
0%
GrassTrailblazePhysical
0%
NormalTransformStatus
0%
PsychicTrickStatus
0%
GhostTrick-or-TreatStatus
0%
PsychicTrick RoomStatus
0%
FightingTriple ArrowsPhysical
0%
IceTriple AxelPhysical
0%
WaterTriple DivePhysical
0%
GrassTrop KickPhysical
0%
NormalTrump CardStatus
0%
BugTwineedlePhysical
0%
FairyTwinkle Tackle-
0%
BugU-TurnPhysical
0%
FireV-createPhysical
0%
PoisonVenom DrenchStatus
0%
PoisonVenoshockSpecial
0%
FightingVictory DanceStatus
0%
FightingVital ThrowPhysical
0%
FightingWake-Up SlapPhysical
0%
WaterWater ShurikenSpecial
0%
WaterWave CrashPhysical
0%
NormalWeather BallSpecial
0%
FlyingWhirlwindStatus
0%
DarkWicked BlowPhysical
0%
DarkWicked TorquePhysical
0%
ElectricWildbolt StormSpecial
0%
FireWill-O-WispStatus
0%
NormalWishStatus
0%
PsychicWonder RoomStatus
0%
GrassWood HammerPhysical
0%
NormalWrapPhysical
0%
NormalWring OutSpecial
0%
BugX-ScissorPhysical
0%
ElectricZing ZapPhysical
0%

Score Distribution

Percentile by Number Answered

Percent of People with Each Score

Your Score History

You have not taken this quiz